Billionaires - Sudden Death - Statistics

General Stats
  • This quiz has been taken 1,719 times
  • The average score is 5 of 16
Answers on the Grid
Answers color-coded by a green-red scale on the quiz's grid according to % correct below.
Bill Gates
Brad Pitt
Bruce Springsteen
Donald Trump
Dwayne Johnson
Elon Musk
Gordon Ramsay
Heidi Klum
James Cameron
Jay-Z
Jensen Huang
Jerry Seinfeld
Joe Biden
Justin Trudeau
Kanye West
Kylie Jenner
Lionel Messi
Mark Cuban
Mark Zuckerberg
Michael Jordan
Oprah Winfrey
Richard Branson
Rihanna
Roger Federer
Serena Williams
Stephen King
Steven Spielberg
Taylor Swift
Tiger Woods
Tom Brady
 
Answer Stats
Answer % Correct
Bill Gates
96%
Elon Musk
82%
Donald Trump
62%
Mark Zuckerberg
40%
Oprah Winfrey
28%
Jay-Z
27%
Taylor Swift
27%
Mark Cuban
23%
Richard Branson
21%
Michael Jordan
17%
Jensen Huang
16%
Steven Spielberg
14%
Tiger Woods
11%
Rihanna
8%
Jerry Seinfeld
7%
Bruce Springsteen
6%
No matching quizzes found
Score Distribution
Percent of People with Each Score
Percentile by Number Answered
Your Score History
You have not taken this quiz